| 000 | 00530nam a2200169 i 4500 | ||
|---|---|---|---|
| 001 | 62287 | ||
| 003 | ES-MaACL | ||
| 005 | 20230906164636.0 | ||
| 007 | t| | ||
| 008 | 031119s1962 sp ||||1| spa d | ||
| 100 | 1 |
_aFeininger, Andreas. _949124 |
|
| 245 | 1 | 0 |
_aAnatomía de la naturaleza / _cpor Andreas Feiniger ; traducción de José Mª Balil. |
| 260 |
_aBarcelona : _bJano, _c1962. |
||
| 300 |
_aIX, 168 p., 18 lám. : _bil. ; _c31 cm. |
||
| 700 | 1 |
_aBalil Giró, José María. _924940 |
|
| 852 |
_aES-MaACL _jC-22342 _bR.50651 |
||
| 999 |
_c62287 _d62287 |
||